Loading...
| Science - Chemistry | 0 | 2 | 0 | 1 | 20 | 110 | 113.00 | 0 | 0 | 0.00 | 0.00 |
| Religion | 0 | 2 | 0 | 0 | 20 | 126 | 134.00 | 0 | 0 | 0.00 | 0.00 |
| Mythology | 0 | 2 | 1 | 1 | 15 | 131 | 134.50 | 0 | 0 | 0.00 | 0.00 |
| Science - Biology | 0 | 2 | 1 | 1 | 15 | 90 | 106.00 | 0 | 2 | 0.00 | 0.00 |
| Social Science | 0 | 2 | 2 | 0 | 10 | 106 | 106.00 | 0 | 1 | 0.00 | 0.00 |
| Literature - British | 0 | 1 | 0 | 0 | 10 | 111 | 111.00 | 0 | 0 | 0.00 | 0.00 |
| Philosophy | 0 | 1 | 0 | 0 | 10 | 156 | 156.00 | 0 | 1 | 0.00 | 0.00 |
| Literature - World | 0 | 0 | 0 | 0 | 0 | 0.00 | 0 | 0 | 0.00 | 0.00 | |
| Fine Arts - Classical Music | 0 | 0 | 0 | 0 | 0 | 0.00 | 0 | 0 | 0.00 | 0.00 | |
| Science - Other | 0 | 0 | 0 | 0 | 0 | 0.00 | 0 | 0 | 0.00 | 0.00 | |
| History - American | 0 | 0 | 0 | 0 | 0 | 0.00 | 0 | 0 | 0.00 | 0.00 | |
| Science - Physics | 0 | 0 | 1 | 0 | -5 | 0.00 | 0 | 0 | 0.00 | 0.00 | |
| History - European | 0 | 0 | 1 | 0 | -5 | 0.00 | 0 | 0 | 0.00 | 0.00 | |
| Fine Arts - Other | 0 | 1 | 3 | 0 | -5 | 88 | 88.00 | 0 | 1 | 0.00 | 0.00 |
| History - World | 0 | 0 | 1 | 0 | -5 | 0.00 | 0 | 0 | 0.00 | 0.00 | |
| Fine Arts - Painting and Sculpture | 0 | 0 | 2 | 0 | -10 | 0.00 | 0 | 0 | 0.00 | 0.00 |